000 00601nas a2200229Ia 4500
001 A03/R024-47285
003 IT-MiCISF
005 20241216125011.0
008 161014c99999999xx |||||||||||| ||und||
040 _aIT-MiCISF
_cIT-MiCISF
041 _ait
100 _aRebuzzini Lorenza
_961172
245 0 _aSulle spalle della famiglia
250 _a"Famiglia oggi", n. 6, novembre-dicembre
260 _c2009
300 _app. 57-66
500 _aservizi-sociali, famiglia, politica-familiare
650 _aservizi-alla-persona
654 _aarticolo
942 _cCR
_2ddc
999 _c245151
_d245151
999 _bSi